Cloud Types - Statistics

General Stats
  • This quiz has been taken 111 times
  • The average score is 8 of 15
Answer Stats
Picture Answer % Correct
Cirrus
92%
Cumulus
92%
Stratus
70%
Cumulonimbus
67%
Fog
66%
Altocumulus
53%
Cirrocumulus
53%
Nimbostratus
51%
Stratocumulus
49%
Cirrostratus
45%
Altostratus
40%
Mammatus
32%
Contrails
30%
Lenticular
30%
Kelvin-Helmholtz
15%
No matching quizzes found
Score Distribution
Percent of People with Each Score
Percentile by Number Answered
Your Score History
You have not taken this quiz